| 000 | 00720nam a2200217 i 4500 | ||
|---|---|---|---|
| 001 | 105818 | ||
| 003 | ES-MaACL | ||
| 005 | 20250825224116.0 | ||
| 007 | t| | ||
| 008 | 060830s1951 cl |||| | spa d | ||
| 080 | _a821.134.2(82).09 | ||
| 100 | 1 |
_aEspinoza, Enrique. _947925 |
|
| 245 | 1 | 3 |
_aEl espíritu criollo _b: Sarmiento, Hernández, Lugones / _cEnrique Espinoza. |
| 260 |
_aSantiago de Chile : _bBabel, _c[1951] |
||
| 300 |
_a118 p. ; _c20 cm. |
||
| 490 | 1 | _aTajamar | |
| 650 | 1 | 4 |
_aLiteratura argentina- _xHistoria y crítica _914507 |
| 830 | 0 |
_aTajamar _9232773 |
|
| 852 |
_aES-MaACL _jAND-655 _z. - Biblioteca Juan Andrade _z. - Dedicatoria autógrafa del autor |
||
| 999 |
_c105818 _d105818 |
||